• 首页
  • 本馆介绍
  • 公告通知
  • 最新文献
  • 馆藏检索
  • 电子资源
  • 读者导购
  • 参考咨询
  • 我的图书馆
  • 登录
  • 详细信息显示
  • 放入我的书架
  • 预约/预借图书
  • 作者相关作品
  • 分类相关作品
  • 丛书相关作品
  • 出版社相关作品

书目信息

  • 表格格式
  • 工作单格式
  • 卡片格式
题名:
东坡集
    
 
作者: 苏轼 著 ;夏华 编译
分册:  
出版信息: 沈阳   万卷出版公司  2024
页数: 16,311页
开本: 24cm
丛书名: 万卷楼国学经典
单 册:
中图分类: I214.412
科图分类:
主题词: 中国文学--古典文学--作品综合集--北宋
电子资源:
ISBN: 978-7-5470-4186-4
000 00768nam 2200253 450
001 012024000922
005 20241119081502.0
010    @a978-7-5470-4186-4@dCNY35.00
100    @a20241119d2024 em y0chiy50 ea
101 0  @achi
102    @aCN@b210000
105    @aa z 000zy
106    @ar
200 1  @a东坡集@Adong po ji@f(北宋)苏轼著@g夏华等编译
210    @a沈阳@c万卷出版公司@d2024
215    @a16,311页@c图@d24cm
225 2  @a万卷楼国学经典@e升级版
410  0 @12001 @a万卷楼国学经典
606 0  @a中国文学@x古典文学@x作品综合集@z北宋
690    @aI214.412@v5
701  0 @c(北宋)@a苏轼@Asu shi@4著
702  0 @a夏华@Axia hua@4编译
801  0 @aCN@bAHXH@c20241119
905    @b214173106@b214173115@b214173124@b214173133@b214173142@dI214.412@e1248@f5
    
    东坡集/(北宋)苏轼著/夏华等编译.-沈阳:万卷出版公司,2024
    16,311页:图;24cm.-(万卷楼国学经典:升级版)
    
    
    ISBN 978-7-5470-4186-4:CNY35.00
    
●
相关链接 在E读中查询图书 在五车中查询图书 在当当中查询图书 在豆瓣中查询图书


正题名:东坡集     索取号:I214.412/1248         预约/预借

序号 登录号 条形码 馆藏地/架位号 状态 备注
1 1417310   214173106   第一样本阅览室/ [索取号:I214.412/1248] 在馆    
2 1417311   214173115   第二借阅区/ [索取号:I214.412/1248] 在馆    
3 1417312   214173124   第二借阅区/ [索取号:I214.412/1248] 在馆    
4 1417313   214173133   第二借阅区/ [索取号:I214.412/1248] 在馆    
5 1417314   214173142   第二借阅区/ [索取号:I214.412/1248] 在馆    
唐山师范学院图书馆 欢迎您!
大连网信软件有限公司© 版权所有